000 00419nam a2200145Ia 4500
008 230711s9999||||xx |||||||||||||| ||und||
041 _aENG
082 _a540
_bWI-P
100 _aWilliam,BW
245 0 _aPower electronics: devices, drivers, applications and passive components
250 _a1st . Ed.
260 _c1992
_aNew York
_bTata McGraw Hill Education Limited
650 _aElectrical Engineering
942 _cBK
999 _c3588
_d3588